000 00690nam a22002057a 4500
003 OSt
005 20250621030959.0
008 250619b |||||||| |||| 00| 0 eng d
020 _a978-621-427-225-9
040 _aDWCL - Main lib
_cOC
082 _aFil. 338.5 B212b 2024
100 _aBanaag, Francis B.
245 _aBasics of microeconomics/
_cFrancis B. Banaag & Jessa Dionisio
260 _aIntramuros, Manila:
_bUnlimited Books Library Services & Publishing Inc.,
_cc2024.
300 _aviii, 157 pages:
_billustrations;
_c22cm.
504 _aIncludes bibliographical references.
650 _a1. Microeconomics.
700 _aDionisio, Jessa
942 _2ddc
_cBK - FIL
_kFil.
_n0
999 _c3155
_d3155